Plantillas Españolas en Mundiales en el Siglo XX - Estadísticas

Estadísticas generales
  • Esta prueba ha sido intentada 135 veces
  • La puntuación promedio es 96 de 141
Estadísticas de respuestas
Hint Respuesta % Correcto
1- PT (Real Madrid) Iker Casillas
99%
15- DF (Real Madrid) Sergio Ramos
96%
3- DF (Barcelona) Gerard Pique
95%
13- MC (Barcelona) | 6- MC (Barcelona) Andrés Iniesta
94%
19- MC (Barcelona) | 8- MC (Barcelona) Xavi Hernández
94%
5- DF (Barcelona) Carles Puyol
93%
21- DEL (Valencia) | 7- DEL (Atlético de Madrid) | 7- DEL (Valencia) David Villa
93%
11- DEL (Barcelona) Ferran Torres
92%
23- PT (Athletic Club) Unai Simón
91%
9- DEL (Atlético de Madrid) | 9- DEL (Chelsea) | 9- DEL (Liverpool) Fernando Torres
90%
1- PT (Manchester United) | 12- PT (Manchester United) David de Gea
88%
17- MC (Atlético de Madrid) | 8- MC (Atlético de Madrid) Koke
87%
4- DF (Villarreal) Pau Torres
87%
23- PT (Liverpool) | 23- PT (Napoli) Pepe Reina
86%
16- MC (Barcelona) | 5- MC (Barcelona) Sergio Busquets
86%
12- PT (Barcelona) Victor Valdés
85%
10- MC (Arsenal) | 10- MC (Barcelona) | 18- MC (Arsenal) Cesc Fàbregas
84%
2- DF (Valencia) Curro Torres
84%
2- DF (Real Madrid) | 20- DF (Real Madrid) Dani Carvajal
84%
26- MC (Barcelona) Pedri
84%
7- DEL (Atlético de Madrid) Alvaro Morata
82%
11- MC (Real Sociedad) Javi De Pedro
82%
11- DEL (Barcelona) | 18- DEL (Barcelona) Pedro
82%
16- MC (Manchester City) Rodri
82%
13- PT (Brentford) David Raya
81%
11- DF (Villarreal) Joan Capdevilla
81%
21- MC (Manchester City) | 21- MC (Valencia) David Silva
80%
22- MC (Sevilla) Jesus Navas
79%
6- MC (Atlético de Madrid) Marcos Llorente
79%
14- MC (Liverpool) | 14- MC (Real Madrid) Xabi Alonso
79%
21- DEL (Leipzig) Dani Olmo
78%
19- DEL (Athletic Club) Fernando Llorente
77%
18- DF (Barcelona) Jordi Alba
77%
9- MC (Barcelona) Gavi
76%
14- DF (Chelsea) | 2- DF (Chelsea) | 22- DF (Chelsea) Cesar Azpilicueta
74%
17- DEL (Celta de Vigo) Iago Aspas
74%
7- DEL (Real Madrid) Raúl
74%
2- DF (Napoli) | 2- DF (Real Madrid) Raúl Albiol
74%
4- DF (Real Madrid) Nacho
72%
20- MC (Athletic Club) | 4- DF (Bayern de Múnich) Javi Martinez
69%
22- MC (Real Madrid) Isco
68%
1- PT (Brighton and Hove Albion) Robert Sanchez
66%
4- DF (Valencia) Carlos Marchena
65%
12- DEL (Athletic Club) Nico Williams
65%
13- DEL (Valencia) | 13- MC (Manchester United) Juan Mata
64%
10- DEL (Real Madrid) | 20- MC (Real Madrid) Marco Asensio
64%
17- DF (Real Madrid) Álvaro Arbeloa
63%
7- MC (Atlético de Madrid) Saul
63%
19- DEL (Atlético de Madrid) Diego Costa
62%
6- DF (Real Madrid) Fernando Hierro
62%
24- DF (Manchester City) Aymeric Laporte
60%
20- MC (Arsenal) Santi Cazorla
59%
10- MC (Bayern de Múnich) Thiago
58%
17- MC (Real Betis) | 22- MC (Real Betis) Joaquín Sánchez
57%
3- DF (Barcelona) Eric García
56%
13- PT (Athletic Club) Kepa Arrizabalaga
55%
11- DEL (Real Madrid) Lucas Vazquez
54%
3- DF (Celta de Vigo) | 5- DF (Atlético de Madrid) Juanfran
50%
14- DF (Barcelona) Alejandro Balde
48%
16- MC (Villarreal) Marcos Senna
48%
2- DF (Real Madrid) Míchel Salgado
47%
22- DEL (PSG) Pablo Sarabia
45%
25- DEL (Barcelona) Ansu Fati
44%
19- PT (Valencia) Santiago Cañizares
44%
19- MC (PSG) Carlos Soler
43%
9- DEL (Real Madrid) Fernando Morientes
42%
9- DEL (Valencia) Rodrigo
42%
16- DF (Arsenal) Nacho Monreal
41%
14- MC (Valencia) | 6- MC (Valencia) David Albelda
39%
17- MC (Deportivo de la Coruña) JuanCarlos Valerón
39%
16- MC (Lazio) Gaizka Mendieta
38%
4- DF (Real Madrid) Iván Helguera
38%
11- DEL (Liverpool) Luis García
36%
17- DEL (Villarreal) Yeremi Pino
36%
21- DEL (Barcelona) Luis Enrique
35%
15- DF (Valencia) Hugo Guillamón
33%
12- DF (Real Sociedad) Álvaro Odriozola
32%
10- DEL (Deportivo de la Coruña) Diego Tristán
31%
10- DEL (Arsenal) José Antonio Reyes
30%
3- DF (Getafe) Mariano Pernía
28%
8- MC (Valencia) Rubén Baraja
21%
20- DF (Real Betis) Juanito
20%
12- DEF (Atlético de Madrid) Antonio López
18%
18- MC (Deportivo de la Coruña) Sergio González
16%
20- DF (Mallorca) Miguel Ángel Nadal
11%
12- MC (Mallorca) Albert Luque
10%
15- DF (Deportivo de la Coruña) Enrique Romero
7%
22- DF (Atlético de Madrid) Pablo Ibañez
5%
23- PT (Málaga) Pedro Contreras
5%
13- PT (Valladolid) Ricardo
4%
No se encontraron pruebas coincidentes
Distribución de puntuación
Porcentaje de gente con cada puntuación
Porcentaje por número respondido
Historial de tus puntuaciones
No has intentado esta prueba.